| 000 | 01177nam a2200229Ia 4500 | ||
|---|---|---|---|
| 001 | L230-5723 | ||
| 003 | IT-CnALBA | ||
| 008 | 170116s9999||||xx |||||||||||||| ||und|| | ||
| 040 |
_aIT-CnALBA _cIT-CnALBA |
||
| 041 | _aITALIANO | ||
| 100 | _aBERTHIER J., M.S. | ||
| 245 | 0 | _aSOMMARIO DI TELOGIA DOGMATICA E MORALE. | |
| 250 | _a2a ed. | ||
| 260 |
_a TO BO CT PA _bSOCIETÀ ED. INTER. _c1930 [1° Ed.: n.d.] |
||
| 300 | _a908 p. | ||
| 500 | _aDOPPIONE. DIRITTO CANONICO. LITURGIA. PASTOLRALE. TEOLOGIA MISTICA. FILOSOFIA CRISTIANA. TRADUZIONE DI CAVALLOTTI G. BATTISTA. INDICE ALFABETICO DELLA MATERIA. DOGMATICA GENERALE E SPECIALE. DIO E MONDO. DIO REDENTORE. DIO SANTIFICATORE. SACRAMENTI. DIO R | ||
| 501 | _aSocietà San Paolo EM - Piazza San Paolo, 14 - 12051 ALBA (CN) (non commercial uses only) ® Copyright 2017 | ||
| 520 | _aDOPPIONE. DIRITTO CANONICO. LITURGIA. PASTOLRALE. TEOLOGIA MISTICA. FILOSOFIA CRISTIANA. TRADUZIONE DI CAVALLOTTI G. BATTISTA. INDICE ALFABETICO DELLA MATERIA. DOGMATICA GENERALE E SPECIALE. DIO E MONDO. DIO REDENTORE. DIO SANTIFICATORE. SACRAMENTI. DIO R | ||
| 650 | _aDOGMATICA CRISTIANA | ||
| 942 | _cBK | ||
| 957 | _71 | ||
| 999 |
_a6702 _bSI _g Copie: 1 _c264908 _d264908 |
||